LEADER 00756oam 2200253z- 450 001 9910148728703321 005 20160114075017.0 010 $a1-61564-470-9 035 $a(CKB)3710000000922254 035 $a(EXLCZ)993710000000922254 100 $a20210505c2007uuuu -u- - 101 0 $aeng 200 14$aThe complete idiot's guide to handwriting analysis /$fby Sheila R. Lowe 210 $cAlpha 311 $a1-59257-601-X 517 $aComplete Idiot's Guide to Handwriting Analysis, 2nd Edition 606 $aGraphology 615 0$aGraphology. 676 $a155.2/82 700 $aLowe$b Sheila R$01239035 906 $aBOOK 912 $a9910148728703321 996 $aThe complete idiot's guide to handwriting analysis$92875157 997 $aUNINA LEADER 01117nam a2200337 i 4500 001 991000741689707536 005 20020507173009.0 008 970709s1977 uk ||| | eng 020 $a019853163X 035 $ab10750976-39ule_inst 035 $aLE01301606$9ExL 040 $aDip.to Matematica$beng 082 0 $a511.3 084 $aAMS 03B50 084 $aAMS 03F55 100 1 $aTroelstra, A. S.$057222 245 10$aChoice sequences :$ba chapter of intuitionistic mathematics /$cby A. S. Troelstra 260 $aOxford :$bClarendon Press,$c1977 300 $aix, 170 p. ;$c25 cm. 490 0 $aOxford logic guides 500 $aIncludes index. 500 $aBibliography: p. [161]-167 650 4$aIntuitionistic mathematics 650 4$aMany-valued logic 650 4$aSequences 907 $a.b10750976$b23-02-17$c28-06-02 912 $a991000741689707536 945 $aLE013 03B TRO11 (1977)$g1$i2013000088907$lle013$o-$pE0.00$q-$rl$s- $t0$u0$v0$w0$x0$y.i10843942$z28-06-02 996 $aChoice Sequences$9335113 997 $aUNISALENTO 998 $ale013$b01-01-97$cm$da $e-$feng$guk $h0$i1